| 000 | 00563nam a2200193Ia 4500 | ||
|---|---|---|---|
| 008 | 160319s9999 xx 000 0 und d | ||
| 020 | _a9789715426992 | ||
| 050 | _a899.210301 | ||
| 050 | _bH679 2012 vol. 2 | ||
| 245 | _aHoard of thunder : | ||
| 245 | _bPhilippine short stories in English : 1990 to 2008 / | ||
| 245 | _ceditor, Gemino H. Abad. | ||
| 260 | _aQuezon City : | ||
| 260 | _bUniversity of the Philippines Press, | ||
| 260 | _c2012 | ||
| 300 | _axlviii, 699 pages ; | ||
| 300 | _c23 cm. | ||
| 650 | _aShort stories, Philippine (English) | ||
| 999 |
_c292387 _d292387 |
||